[Event "PNWCC vs Europe Hybrid 08"]
[Site "Chess.com INT"]
[Date "2022.08.20"]
[Round "3"]
[White "Mrdja, Milan"]
[Black "Zhang, Eric"]
[Result "0-1"]
[WhiteElo "2205"]
[BlackElo "2139"]
[PlyCount "76"]
[EventDate "2022.08.19"]
[EventType "team-match"]
[EventRounds "8"]
[EventCountry "USA"]
[SourceTitle "EXT 2024"]
[Source "ChessBase"]
[SourceDate "2023.10.10"]
[SourceVersion "1"]
[SourceVersionDate "2023.10.10"]
[SourceQuality "1"]
[WhiteTeam "Europe"]
[BlackTeam "PNWCC"]
[BlackTeamCountry "USA"]

1. e4 c5 2. Nf3 d6 3. d4 cxd4 4. Qxd4 Nc6 5. Bb5 Bd7 6. Bxc6 Bxc6 7. Nc3 Nf6 8. Bg5 e6 9. 0-0-0 Be7 10. Rhe1 0-0 11. Qd2 h6 12. Bf4 e5 13. Bg3 Nd7 14. Nd5 Bxd5 15. Qxd5 Qc7 16. Rd3 Nb6 17. Qb3 Rac8 18. Kb1 Nd7 19. Rc3 Qb8 20. Ree3 b5 21. Rxc8 Rxc8 22. Qd5 b4 23. Re2 Rc5 24. Qd1 a5 25. Ne1 Rc4 26. f3 a4 27. Nd3 Qb5 28. Bf2 Rc7 29. Be1 d5 30. exd5 Qxd5 31. Rd2 Qb5 32. Re2 a3 33. b3 Qd5 34. Qd2 Qb5 35. f4 f6 36. fxe5 Nxe5 37. Nxe5 fxe5 38. Qd3 Rd7 0-1

[Event "Toronto NAYCC U18"]
[Site "Toronto"]
[Date "2013.08.18"]
[Round "8"]
[White "Chiku Ratte, Olivier Kenta"]
[Black "Zhang, Eric"]
[Result "1-0"]
[WhiteElo "2260"]
[BlackElo "2167"]
[PlyCount "118"]
[EventDate "2013.08.14"]
[EventType "swiss"]
[EventRounds "9"]
[EventCountry "CAN"]
[SourceTitle "EXT 2022"]
[Source "ChessBase"]
[SourceDate "2021.10.06"]
[SourceVersion "1"]
[SourceVersionDate "2021.10.06"]
[SourceQuality "1"]

1. d4 Nf6 2. c4 g6 3. Nc3 d5 4. cxd5 Nxd5 5. e4 Nxc3 6. bxc3 Bg7 7. Nf3 0-0 8. Be2 c5 9. Rb1 b6 10. 0-0 Bb7 11. Qd3 Ba6 12. Qe3 cxd4 13. cxd4 Bxe2 14. Qxe2 Qc8 15. Ba3 Qa6 16. Qe3 Re8 17. Rfc1 Nd7 18. e5 Nf8 19. Rc7 Rac8 20. Rxc8 Rxc8 21. Qb3 e6 22. Rc1 Bh6 23. Rxc8 Qxc8 24. g3 Qc6 25. Bd6 Nd7 26. h4 Bf8 27. Bxf8 Nxf8 28. Qa3 Qd5 29. Kg2 a5 30. Kh2 b5 31. h5 h6 32. hxg6 Nxg6 33. Qe3 Qxa2 34. Nd2 Kg7 35. Ne4 Qd5 36. Nf6 Qd8 37. Nh5+ Kh7 38. Qf3 Qe7 39. Qa8 Nf8 40. Nf6+ Kg7 41. Qxa5 b4 42. Qa8 b3 43. Qf3 Qd8 44. Nh5+ Kg8 45. Qe3 Kh7 46. Qf4 Qe7 47. Qf3 b2 48. Qb3 Qg5 49. Nf6+ Kg7 50. Qxb2 Qf5 51. Qe2 Ng6 52. Ne8+ Kf8 53. Nd6 Nf4 54. gxf4 Qxf4+ 55. Kh3 Qxd4 56. Qf3 Kg7 57. Qxf7+ Kh8 58. Qf6+ Kh7 59. Qxe6 Qd3+ 1-0

[Event "Toronto NAYCC U18"]
[Site "Toronto"]
[Date "2013.08.16"]
[Round "5"]
[White "Sohal, Tanraj"]
[Black "Zhang, Eric"]
[Result "1-0"]
[WhiteElo "2265"]
[BlackElo "2167"]
[PlyCount "99"]
[EventDate "2013.08.14"]
[EventType "swiss"]
[EventRounds "9"]
[EventCountry "CAN"]
[SourceTitle "EXT 2022"]
[Source "ChessBase"]
[SourceDate "2021.10.06"]
[SourceVersion "1"]
[SourceVersionDate "2021.10.06"]
[SourceQuality "1"]

1. d4 Nf6 2. c4 g6 3. d5 d6 4. Nc3 Bg7 5. e4 0-0 6. Nf3 Nbd7 7. Be2 a6 8. 0-0 Rb8 9. Qc2 e5 10. b4 Ne8 11. Ne1 f5 12. Nd3 Ndf6 13. f3 f4 14. c5 Rf7 15. b5 axb5 16. Nxb5 Bf8 17. Na7 g5 18. Nxc8 Qxc8 19. Ba3 Rg7 20. cxd6 cxd6 21. Qxc8 Rxc8 22. Rfc1 Rgc7 23. Rxc7 Rxc7 24. Rc1 Rxc1+ 25. Nxc1 Be7 26. Nb3 Bd8 27. Nd2 Bc7 28. Bb5 h5 29. Nc4 Kg7 30. Bb4 Kf7 31. a4 g4 32. Kf1 h4 33. h3 g3 34. Ke2 b6 35. Bc6 Kg7 36. Kd3 Kf7 37. Ba3 Kg7 38. Kc2 Kg8 39. Kb3 Kf7 40. Kb4 Ke7 41. Kb5 Nd7 42. Bxd7 Kxd7 43. Nxb6+ Bxb6 44. Kxb6 Nf6 45. Bc1 Nh7 46. a5 Kc8 47. a6 Kb8 48. Bd2 Ng5 49. Be1 Ka8 50. Kc6 1-0

[Event "Toronto NAYCC U18"]
[Site "Toronto"]
[Date "2013.08.15"]
[Round "3"]
[White "Zhang, Eric"]
[Black "Farrant Diaz, Nathan"]
[Result "1-0"]
[WhiteElo "2167"]
[BlackElo "1906"]
[PlyCount "53"]
[EventDate "2013.08.14"]
[EventType "swiss"]
[EventRounds "9"]
[EventCountry "CAN"]
[SourceTitle "EXT 2022"]
[Source "ChessBase"]
[SourceDate "2021.10.06"]
[SourceVersion "1"]
[SourceVersionDate "2021.10.06"]
[SourceQuality "1"]

1. e4 g6 2. d4 Bg7 3. Nc3 d6 4. Be3 a6 5. Qd2 b5 6. f3 Bb7 7. g4 Nd7 8. 0-0-0 c5 9. dxc5 Nxc5 10. Bd4 Bxd4 11. Qxd4 Nf6 12. e5 Ne6 13. Qb4 Ng8 14. exd6 exd6 15. Bxb5+ axb5 16. Nxb5 Ra6 17. Nxd6+ Rxd6 18. Rxd6 Qg5+ 19. Rd2 Bc6 20. Qb8+ Ke7 21. Qd6+ Kf6 22. Qxc6 Kg7 23. Qc3+ Nf6 24. h4 Qc5 25. Qxc5 Nxc5 26. g5 Nfd7 27. b4 1-0

[Event "Toronto NAYCC U18"]
[Site "Toronto"]
[Date "2013.08.14"]
[Round "1"]
[White "Ulrich, Thomas M"]
[Black "Zhang, Eric"]
[Result "1-0"]
[WhiteElo "2374"]
[BlackElo "2167"]
[PlyCount "61"]
[EventDate "2013.08.14"]
[EventType "swiss"]
[EventRounds "9"]
[EventCountry "CAN"]
[SourceTitle "EXT 2022"]
[Source "ChessBase"]
[SourceDate "2021.10.06"]
[SourceVersion "1"]
[SourceVersionDate "2021.10.06"]
[SourceQuality "1"]

1. d4 Nf6 2. c4 g6 3. Nc3 d5 4. Nf3 Bg7 5. Qb3 c6 6. cxd5 cxd5 7. Bg5 e6 8. e3 0-0 9. Ne5 Qa5 10. Be2 Nc6 11. Nxc6 bxc6 12. Qa4 Qb6 13. b4 Nd7 14. 0-0 e5 15. dxe5 Nxe5 16. Be7 Bg4 17. Bxf8 Rxf8 18. Rac1 Bh6 19. Qb3 d4 20. exd4 Bxc1 21. dxe5 Be6 22. Bc4 Bxc4 23. Qxc4 Ba3 24. Rb1 Rd8 25. b5 Rd2 26. Ne4 Rd4 27. Qxc6 Qxc6 28. bxc6 Rc4 29. c7 Rxc7 30. Nf6+ Kf8 31. Rb8+ 1-0

[Event "Pacific Southwest op 51st"]
[Site "Los Angeles"]
[Date "2011.07.02"]
[Round "2"]
[White "Zhang, Eric"]
[Black "Peters, Jack"]
[Result "0-1"]
[WhiteElo "2011"]
[BlackElo "2377"]
[PlyCount "192"]
[EventDate "2011.07.02"]
[EventType "swiss"]
[EventRounds "6"]
[EventCountry "USA"]
[SourceTitle "CBM 143 Extra"]
[Source "ChessBase"]
[SourceDate "2011.08.29"]
[SourceVersion "1"]
[SourceVersionDate "2011.08.29"]
[SourceQuality "1"]

1. e4 c5 2. Nf3 Nc6 3. d4 cxd4 4. Nxd4 e6 5. Nc3 a6 6. Nxc6 bxc6 7. Bd3 d6 8. 0-0 Nf6 9. Qe2 Be7 10. f4 e5 11. fxe5 dxe5 12. h3 0-0 13. Be3 a5 14. Rad1 a4 15. b3 axb3 16. axb3 Qa5 17. Na4 Be6 18. Qf2 Nd7 19. Qg3 Rfd8 20. Bd2 Qc7 21. Bc3 f6 22. Bd2 Kh8 23. Be3 Qa5 24. Bd2 Bb4 25. Qe1 Bxd2 26. Qxd2 Qc7 27. Qc3 Rac8 28. Rd2 Qa7+ 29. Kh1 Qd4 30. Ba6 Qxc3 31. Nxc3 Nc5 32. Rxd8+ Rxd8 33. Be2 Rd2 34. Bd1 Na6 35. Kg1 Nb4 36. Rf2 Rd8 37. Bf3 Kg8 38. Na4 Kf7 39. Nc5 Ra8 40. c3 Ra1+ 41. Rf1 Rxf1+ 42. Kxf1 Na2 43. c4 Nb4 44. Bd1 Ke7 45. Ke2 Kd6 46. Nd3 Na6 47. Kd2 f5 48. Bf3 g6 49. g4 fxg4 50. hxg4 h6 51. Kc3 c5 52. Bd1 Bd7 53. Be2 Nc7 54. Kd2 Ne6 55. Ke3 Bc6 56. Bd1 Ng5 57. Nf2 Bb7 58. Be2 Bc8 59. Bd1 Ne6 60. Nd3 Nd4 61. Nf2 Be6 62. Nd3 Bf7 63. Nf2 Ne6 64. Nh3 Kc6 65. Ng1 Nf4 66. Nf3 Kd6 67. Nh4 Ke6 68. Bc2 Kf6 69. Bd1 Be6 70. Kf2 Bd7 71. Ke3 Bc6 72. Bc2 Ne6 73. Nf3 Nd4 74. Bd1 Nxf3 75. Bxf3 Kg5 76. Be2 Kh4 77. Kf3 Bd7 78. Kg2 Bxg4 79. Bxg4 Kxg4 80. b4 cxb4 81. c5 b3 82. c6 b2 83. c7 b1Q 84. c8Q+ Kf4 85. Qf8+ Kxe4 86. Qa8+ Kd4 87. Qa7+ Ke4 88. Qa8+ Kf5 89. Qf8+ Kg4 90. Qf3+ Kg5 91. Qe3+ Kf6 92. Qxh6 Qe4+ 93. Kg3 Qd3+ 94. Kf2 Kf5 95. Qf8+ Kg4 96. Qc8+ Qf5+ 0-1

[Event "Memorial Day Classic"]
[Site "Los Angeles"]
[Date "2010.05.22"]
[Round "2"]
[White "Zhang, Eric"]
[Black "Taylor, Timothy"]
[Result "0-1"]
[WhiteElo "1910"]
[BlackElo "2329"]
[PlyCount "160"]
[EventDate "2010.05.21"]
[EventType "swiss"]
[EventRounds "5"]
[EventCountry "USA"]
[SourceTitle "EXT 2014"]
[Source "ChessBase"]
[SourceDate "2013.11.20"]
[SourceVersion "1"]
[SourceVersionDate "2013.11.20"]
[SourceQuality "1"]

1. e4 e5 2. Nf3 Nc6 3. Bc4 Nf6 4. Ng5 d5 5. exd5 Na5 6. Bb5+ c6 7. dxc6 bxc6 8. Bd3 Be7 9. 0-0 h6 10. Ne4 Nd5 11. Re1 0-0 12. Bf1 f5 13. Ng3 f4 14. Ne4 f3 15. g3 Qe8 16. d4 Qh5 17. dxe5 Bh3 18. Re3 Nxe3 19. Bxe3 Bxf1 20. Qxf1 Qxe5 21. Nbc3 Bb4 22. Rd1 Qe6 23. Rd4 Rab8 24. b3 Qf5 25. Na4 c5 26. Nd6 Qxc2 27. Rg4 Rbd8 28. Qa1 Bc3 29. Nxc3 Rxd6 30. h4 Rg6 31. Rxg6 Qxg6 32. Bxc5 Rc8 33. Nd5 Nc6 34. b4 Qe4 35. Nf4 Nxb4 36. Bxb4 Qxb4 37. Qe5 Qb1+ 38. Kh2 Rc1 39. Kh3 Rh1+ 40. Kg4 Re1 41. Qd5+ Kh7 42. Nd3 Re7 43. h5 Qb6 44. Nf4 Qb7 45. Qf5+ Kg8 46. Nd5 Rf7 47. Qe5 Qd7+ 48. Kh4 Qd8+ 49. Kh3 Rd7 50. Qe6+ Kh8 51. Nf4 Rd6 52. Ng6+ Kh7 53. Qf7 Rf6 54. Qxa7 Qd5 55. Nf4 Qc4 56. Qe3 Qxa2 57. Qxf3 Qe6+ 58. Nxe6 Rxf3 59. Kg2 Ra3 60. Kh3 Kg8 61. Nf4 Kf7 62. Ng6 Kf6 63. Kg4 Ra4+ 64. f4 Ke6 65. Nh4 Ra5 66. Ng6 Kd5 67. Ne7+ Ke4 68. Ng6 Ke3 69. Ne5 Kf2 70. Nd3+ Kg2 71. Ne1+ Kf1 72. Nf3 Kf2 73. Nh4 Rb5 74. Nf3 Rb3 75. Ne5 Rxg3+ 76. Kf5 Rg1 77. Nf7 Kg3 78. Ne5 Rf1 79. Ng6 Rf2 80. Ke6 Rxf4 0-1